[Event "42. Open Ciutat de Badalona 2016"]
[Site "Badalona ESP"]
[Date "2016.08.09"]
[Round "8.5"]
[White "Cruz, Cristhian"]
[Black "Valdes Romero, Leonardo"]
[Result "1/2-1/2"]
[WhiteElo "2533"]
[BlackElo "2386"]
[PlyCount "151"]
[EventDate "2016.08.02"]
[EventType "swiss"]
[EventRounds "9"]
[EventCountry "ESP"]
[SourceTitle "Ajedrez en Madrid"]
[Source "lmi"]
[SourceDate "2016.08.02"]
[SourceVersion "1"]
[SourceVersionDate "2018.07.18"]
[SourceQuality "1"]

1. d4 Nf6 2. c4 g6 3. g3 Bg7 4. Bg2 O-O 5. Nc3 d6 6. Nf3 Nc6 7. O-O a6 8. Qd3
Bd7 9. d5 Nb4 10. Qd1 a5 11. e4 e5 12. Ne1 Ng4 13. f3 Nh6 14. a3 Na6 15. Nd3 f5
16. b4 Qe7 17. Be3 f4 18. Bf2 fxg3 19. hxg3 b6 20. c5 axb4 21. axb4 bxc5 22.
bxc5 Nxc5 23. Nxc5 dxc5 24. Qb3 Nf7 25. Na4 Rab8 26. Qa3 Bxa4 27. Qxa4 Qg5 28.
Qc6 Qh5 29. Qxc7 Rbc8 30. Qd7 Rfd8 31. Qh3 Qxh3 32. Bxh3 Rc7 33. Rfc1 Bf8 34.
Ra5 Ng5 35. Bg2 Re8 36. Rc4 Bd6 37. Be3 Nf7 38. Bh3 Rb8 39. Ra6 Rb1+ 40. Kg2
Rb2+ 41. Bf2 Kg7 42. Be6 Bf8 43. Kg1 Rb1+ 44. Kg2 Rb2 45. Kf1 Rb1+ 46. Ke2 Rb2+
47. Ke1 Ng5 48. Ra3 Nxe6 49. dxe6 Kf6 50. Ra6 Be7 51. f4 Rb3 52. Ke2 Rb2+ 53.
Kf3 Rb3+ 54. Be3 g5 55. fxg5+ Kg6 56. Ke2 Rc8 57. Ra7 Re8 58. Kf2 Bxg5 59. Bxg5
Kxg5 60. Rxc5 Rxe6 61. Rxh7 Rb2+ 62. Ke3 Rb3+ 63. Kf2 Rb2+ 64. Kf3 Rf6+ 65. Ke3
Rb3+ 66. Ke2 Rxg3 67. Rxe5+ Kf4 68. Ra5 Re3+ 69. Kd2 Rd6+ 70. Rd5 Rxd5+ 71.
exd5 Re5 72. Rh4+ Kg5 73. Rd4 Kf6 74. d6 Re8 75. Kd3 Rd8 76. Ke4 1/2-1/2

[Event "42. Open Ciutat de Badalona 2016"]
[Site "Badalona ESP"]
[Date "2016.08.09"]
[Round "8.6"]
[White "Perez Mitjans, Orelvis"]
[Black "Oliva Castaneda, Kevel"]
[Result "1/2-1/2"]
[WhiteElo "2457"]
[BlackElo "2491"]
[PlyCount "90"]
[EventDate "2016.08.02"]
[EventType "swiss"]
[EventRounds "9"]
[EventCountry "ESP"]
[SourceTitle "Ajedrez en Madrid"]
[Source "lmi"]
[SourceDate "2016.08.02"]
[SourceVersion "1"]
[SourceVersionDate "2018.07.18"]
[SourceQuality "1"]

1. e4 c5 2. Nf3 e6 3. b3 b6 4. Bb2 Bb7 5. Nc3 a6 6. Bd3 d6 7. O-O Nd7 8. Re1
Ngf6 9. Bf1 Be7 10. d3 O-O 11. Ne2 Qc7 12. Ng3 Rad8 13. c4 Rfe8 14. d4 cxd4 15.
Nxd4 Bf8 16. Rc1 g6 17. Qd2 Bg7 18. a4 Nc5 19. Qc2 e5 20. Nf3 Bh6 21. Rcd1 Qc6
22. Bd3 a5 23. Nd2 Bf4 24. f3 Ne6 25. Ndf1 Nd7 26. Qf2 Qc5 27. Bc2 Nb8 28. Ne2
Bg5 29. Qxc5 bxc5 30. Bc1 Bxc1 31. Rxc1 Nc6 32. Nc3 Nb4 33. Ne3 Nd4 34. Rf1 Bc6
35. Bd1 f5 36. Ncd5 f4 37. Nxb4 cxb4 38. Ng4 Kf7 39. Re1 h5 40. Nf2 g5 41. Nd3
Kf6 42. Kf2 g4 43. Rb1 Rg8 44. Rb2 Rg7 45. Rd2 Ne6 1/2-1/2

[Event "42. Open Ciutat de Badalona 2016"]
[Site "Badalona ESP"]
[Date "2016.08.09"]
[Round "8.7"]
[White "Aguero Jimenez, Luis Lazaro"]
[Black "Himanshu, Sharma"]
[Result "0-1"]
[WhiteElo "2388"]
[BlackElo "2437"]
[PlyCount "104"]
[EventDate "2016.08.02"]
[EventType "swiss"]
[EventRounds "9"]
[EventCountry "ESP"]
[SourceTitle "Ajedrez en Madrid"]
[Source "lmi"]
[SourceDate "2016.08.02"]
[SourceVersion "1"]
[SourceVersionDate "2018.07.18"]
[SourceQuality "1"]

1. e4 c5 2. Nf3 e6 3. d4 cxd4 4. Nxd4 Nc6 5. Nb5 d6 6. Bf4 e5 7. Be3 Nf6 8.
N1c3 a6 9. Na3 b5 10. Nd5 Rb8 11. Nxf6+ Qxf6 12. c4 b4 13. Nc2 Qg6 14. Qd5 Bb7
15. Qd3 Be7 16. f3 O-O 17. Qd2 a5 18. b3 h5 19. Bd3 Bh4+ 20. g3 Bd8 21. O-O-O
a4 22. h4 Qe6 23. g4 axb3 24. axb3 Na5 25. Kb2 hxg4 26. Rhg1 Qe8 27. Rxg4 f5
28. exf5 Bxf3 29. Rdg1 Rb7 30. Rg6 Bf6 31. Bg5 e4+ 32. Bxf6 Rxf6 33. Bf1 Qe5+
34. Qd4 Kf8 35. Qxe5 dxe5 36. Ne3 Nc6 37. Nd5 Rxg6 38. fxg6 Ne7 39. Nxe7 Kxe7
40. Bh3 Kf6 41. Ra1 Kxg6 42. Ra6+ Kh5 43. c5 Rc7 44. c6 e3 45. Bd7 e2 46. Ra1
Kxh4 47. Rg1 g5 48. Kc2 Bxc6 49. Bxc6 Rxc6+ 50. Kd2 Rc3 51. Rb1 Kg3 52. Kxe2 g4
0-1

[Event "42. Open Ciutat de Badalona 2016"]
[Site "Badalona ESP"]
[Date "2016.08.09"]
[Round "8.8"]
[White "Vera Siguenas, Deivy"]
[Black "Sylvan, Jacob"]
[Result "1/2-1/2"]
[WhiteElo "2496"]
[BlackElo "2342"]
[PlyCount "120"]
[EventDate "2016.08.02"]
[EventType "swiss"]
[EventRounds "9"]
[EventCountry "ESP"]
[SourceTitle "Ajedrez en Madrid"]
[Source "lmi"]
[SourceDate "2016.08.02"]
[SourceVersion "1"]
[SourceVersionDate "2018.07.18"]
[SourceQuality "1"]

1. e4 c5 2. Nf3 e6 3. d4 cxd4 4. Nxd4 Nc6 5. Nc3 Qc7 6. Be3 a6 7. Qd2 Nf6 8.
O-O-O Bb4 9. f3 Ne5 10. Nb3 b5 11. Qd4 Nc6 12. Qb6 Qxb6 13. Bxb6 Bxc3 14. bxc3
d5 15. Be2 O-O 16. Nc5 Ne5 17. Bc7 Ned7 18. Nxd7 Bxd7 19. e5 Rfc8 20. Bb6 Ne8
21. Bd4 Rc6 22. Kd2 Rac8 23. Bd3 Nc7 24. Ra1 Na8 25. a4 bxa4 26. Rxa4 Nc7 27.
Rha1 h6 28. h4 Rb8 29. Ba7 Rc8 30. Bd4 Rb8 31. h5 Bc8 32. Ba7 Ra8 33. Be3 Rb8
34. Rg4 Kf8 35. Rh1 Nb5 36. Bxb5 Rxb5 37. Rh3 Rc4 38. Rhg3 Rxg4 39. Rxg4 Bd7
40. Ra4 a5 41. g4 Kg8 42. f4 f6 43. exf6 gxf6 44. c4 Rc5 45. Ra1 Rxc4 46. Rxa5
Ra4 47. Rc5 Rc4 48. Rxc4 dxc4 49. Kc3 Bc6 50. Kxc4 Bf3 51. g5 fxg5 52. fxg5
hxg5 53. h6 g4 54. Kd4 g3 55. c4 g2 56. Ke5 Kh7 57. Kf4 Be2 58. c5 Kxh6 59. c6
Kg6 60. Kg3 Ba6 1/2-1/2

[Event "42. Open Ciutat de Badalona 2016"]
[Site "Badalona ESP"]
[Date "2016.08.09"]
[Round "8.9"]
[White "Alvarez Pedraza, Aramis"]
[Black "Diaz Camallonga, Carles"]
[Result "1/2-1/2"]
[WhiteElo "2483"]
[BlackElo "2336"]
[PlyCount "78"]
[EventDate "2016.08.02"]
[EventType "swiss"]
[EventRounds "9"]
[EventCountry "ESP"]
[SourceTitle "Ajedrez en Madrid"]
[Source "lmi"]
[SourceDate "2016.08.02"]
[SourceVersion "1"]
[SourceVersionDate "2018.07.18"]
[SourceQuality "1"]

1. g3 Nf6 2. Bg2 e6 3. b3 d5 4. Nf3 Be7 5. O-O O-O 6. c4 b6 7. Bb2 Bb7 8. e3 c5
9. Nc3 dxc4 10. bxc4 Nc6 11. Qe2 Rc8 12. Rad1 Qc7 13. d4 cxd4 14. Nb5 Qb8 15.
exd4 Rfe8 16. d5 exd5 17. cxd5 Ba3 18. Qxe8+ Nxe8 19. Bxa3 Ba6 20. Rb1 Na5 21.
Nfd4 Bxb5 22. Rxb5 Nd6 23. Rbb1 Nac4 24. Bb4 a5 25. Nc6 Rxc6 26. dxc6 axb4 27.
Rxb4 Qc7 28. Rc1 b5 29. a4 Qa5 30. Rcxc4 Nxc4 31. Rxb5 Qd8 32. Rb7 Qd1+ 33. Bf1
Kf8 34. c7 Nd6 35. Rb6 Nc8 36. Rb8 Qd7 37. Ba6 Qd1+ 38. Bf1 Qd7 39. Ba6 Qd1+
1/2-1/2

[Event "42. Open Ciutat de Badalona 2016"]
[Site "Badalona ESP"]
[Date "2016.08.09"]
[Round "8.10"]
[White "Olivares Canelles, Francisco"]
[Black "Neelotpal, Das"]
[Result "1-0"]
[WhiteElo "2314"]
[BlackElo "2472"]
[PlyCount "89"]
[EventDate "2016.08.02"]
[EventType "swiss"]
[EventRounds "9"]
[EventCountry "ESP"]
[SourceTitle "Ajedrez en Madrid"]
[Source "lmi"]
[SourceDate "2016.08.02"]
[SourceVersion "1"]
[SourceVersionDate "2018.07.18"]
[SourceQuality "1"]

1. d4 Nf6 2. c4 e6 3. Nc3 Bb4 4. e3 O-O 5. Bd3 c5 6. Nf3 d5 7. O-O Nc6 8. a3
Bxc3 9. bxc3 dxc4 10. Bxc4 Qc7 11. h3 e5 12. Ba2 Bf5 13. d5 Rad8 14. c4 Na5 15.
Bb2 Nd7 16. Qe2 Rfe8 17. e4 Bg6 18. Nh4 Nf8 19. Rae1 b6 20. f4 f6 21. fxe5 fxe5
22. Qg4 Nb7 23. Nf5 Nd6 24. h4 Nd7 25. Nxg7 Kxg7 26. h5 Nf6 27. h6+ Kf7 28.
Rxf6+ Kxf6 29. Rf1+ Bf5 30. Rxf5+ Nxf5 31. Qxf5+ Ke7 32. Bxe5 Rd6 33. Qxh7+ Kd8
34. Qxc7+ Kxc7 35. h7 Kd7 36. h8=Q Rxh8 37. Bxh8 Rg6 38. Be5 a6 39. a4 Rg8 40.
Bf4 Ra8 41. e5 b5 42. e6+ Ke7 43. cxb5 axb5 44. d6+ Kf6 45. Bd5 1-0

[Event "42. Open Ciutat de Badalona 2016"]
[Site "Badalona ESP"]
[Date "2016.08.10"]
[Round "9.1"]
[White "Peralta, Fernando"]
[Black "Ortiz Suarez, Isan Reynaldo"]
[Result "1/2-1/2"]
[WhiteElo "2587"]
[BlackElo "2564"]
[PlyCount "23"]
[EventDate "2016.08.02"]
[EventType "swiss"]
[EventRounds "9"]
[EventCountry "ESP"]
[SourceTitle "Ajedrez en Madrid"]
[Source "lmi"]
[SourceDate "2016.08.02"]
[SourceVersion "1"]
[SourceVersionDate "2018.07.18"]
[SourceQuality "1"]

1. d4 Nf6 2. c4 e6 3. Nc3 Bb4 4. e3 b6 5. Nge2 c5 6. a3 Ba5 7. Rb1 Qe7 8. Bd2
O-O 9. Ng3 cxd4 10. exd4 Bxc3 11. Bxc3 Nc6 12. Be2 1/2-1/2

[Event "42. Open Ciutat de Badalona 2016"]
[Site "Badalona ESP"]
[Date "2016.08.10"]
[Round "9.2"]
[White "Gomez Garrido, Camilo Ernesto"]
[Black "Cordova, Emilio"]
[Result "0-1"]
[WhiteElo "2560"]
[BlackElo "2627"]
[PlyCount "94"]
[EventDate "2016.08.02"]
[EventType "swiss"]
[EventRounds "9"]
[EventCountry "ESP"]
[SourceTitle "Ajedrez en Madrid"]
[Source "lmi"]
[SourceDate "2016.08.02"]
[SourceVersion "1"]
[SourceVersionDate "2018.07.18"]
[SourceQuality "1"]

1. e4 c5 2. Nf3 e6 3. d4 cxd4 4. Nxd4 Nc6 5. Nc3 Qc7 6. Be3 a6 7. Qd2 Nf6 8.
O-O-O b5 9. f3 Be7 10. g4 Nxd4 11. Bxd4 Bb7 12. g5 Nh5 13. Kb1 O-O 14. Be3 d5
15. exd5 b4 16. Na4 Bxd5 17. Nb6 Rad8 18. Nxd5 Rxd5 19. Qc1 Rxd1 20. Qxd1 Rd8
21. Bd3 g6 22. Qd2 Bc5 23. h4 Bxe3 24. Qxe3 a5 25. Be4 a4 26. Rc1 a3 27. bxa3
bxa3 28. Qxa3 Nf4 29. c3 Ne2 30. Rc2 Qh2 31. Qc1 Qb8+ 32. Rb2 Nxc1 33. Rxb8
Rxb8+ 34. Kxc1 Kf8 35. a4 Ke7 36. Kc2 Kd6 37. Kd3 Kc5 38. Ke3 Rb2 39. Kf4 Kd6
40. c4 Ra2 41. c5+ Kxc5 42. Ke5 Rxa4 43. Kf6 Ra7 44. h5 gxh5 45. Bxh7 h4 46. f4
h3 47. g6 h2 0-1

[Event "42. Open Ciutat de Badalona 2016"]
[Site "Badalona ESP"]
[Date "2016.08.10"]
[Round "9.3"]
[White "Himanshu, Sharma"]
[Black "Perez Mitjans, Orelvis"]
[Result "1-0"]
[WhiteElo "2437"]
[BlackElo "2457"]
[PlyCount "103"]
[EventDate "2016.08.02"]
[EventType "swiss"]
[EventRounds "9"]
[EventCountry "ESP"]
[SourceTitle "Ajedrez en Madrid"]
[Source "lmi"]
[SourceDate "2016.08.02"]
[SourceVersion "1"]
[SourceVersionDate "2018.07.18"]
[SourceQuality "1"]

1. e4 e6 2. d4 d5 3. Nd2 Nf6 4. e5 Nfd7 5. f4 c5 6. c3 Nc6 7. Ndf3 Qb6 8. g3
cxd4 9. cxd4 a5 10. Ne2 Be7 11. Nc3 Qd8 12. Be3 Nb6 13. Rc1 Bd7 14. Bd3 Nc4 15.
Bxc4 dxc4 16. a3 O-O 17. O-O Qb6 18. Qe2 Rfc8 19. Rfd1 a4 20. d5 Bc5 21. Bxc5
Qxc5+ 22. Qf2 Qxf2+ 23. Kxf2 Ne7 24. dxe6 Bxe6 25. Rd6 Nc6 26. Rcd1 b5 27. Nxb5
Rab8 28. R1d2 Rxb5 29. Rxc6 Rcb8 30. Nd4 Rxb2 31. Rxb2 Rxb2+ 32. Ke3 Ra2 33. f5
Bd7 34. Rc7 Be8 35. Nb5 Kf8 36. Nd6 Rxa3+ 37. Ke4 Ra2 38. Rc8 Ke7 39. Rxe8+ Kd7
40. Rf8 c3 41. Rxf7+ Kc6 42. Ne8 Re2+ 43. Kd3 Rxe5 44. Nxg7 c2 45. Kxc2 Re2+
46. Kd3 Rxh2 47. Ra7 Rh3 48. f6 Rxg3+ 49. Ke4 a3 50. f7 Rg4+ 51. Ke5 Rg5+ 52.
Nf5 1-0

[Event "42. Open Ciutat de Badalona 2016"]
[Site "Badalona ESP"]
[Date "2016.08.10"]
[Round "9.4"]
[White "Hansen, Mads"]
[Black "Cruz, Cristhian"]
[Result "1/2-1/2"]
[WhiteElo "2344"]
[BlackElo "2533"]
[PlyCount "99"]
[EventDate "2016.08.02"]
[EventType "swiss"]
[EventRounds "9"]
[EventCountry "ESP"]
[SourceTitle "Ajedrez en Madrid"]
[Source "lmi"]
[SourceDate "2016.08.02"]
[SourceVersion "1"]
[SourceVersionDate "2018.07.18"]
[SourceQuality "1"]

1. e4 e6 2. d4 d5 3. Nc3 Nf6 4. e5 Nfd7 5. f4 c5 6. Nf3 Nc6 7. Be3 a6 8. Qd2
cxd4 9. Nxd4 Bc5 10. O-O-O O-O 11. Qf2 Nxd4 12. Bxd4 b6 13. Qe3 Bb7 14. Bd3 Rc8
15. Qh3 g6 16. Ne2 Qe7 17. g4 Bxd4 18. Nxd4 f6 19. Qe3 fxe5 20. fxe5 Qh4 21. h3
Qf2 22. Rde1 Rce8 23. Rhf1 Qxe3+ 24. Rxe3 Rxf1+ 25. Bxf1 Rf8 26. Be2 Kf7 27.
Kd2 Ke7 28. Bf3 Rf4 29. c3 g5 30. b4 h6 31. Re1 Nf8 32. Be2 Ng6 33. Bd3 Nh4 34.
Re2 Nf3+ 35. Nxf3 Rxf3 36. Re3 Rf4 37. Be2 d4 38. cxd4 Rxd4+ 39. Kc3 Rf4 40.
Rd3 Bd5 41. Rd4 Rf2 42. Bxa6 Rxa2 43. Bc4 Ra3+ 44. Kd2 Rxh3 45. Bxd5 exd5 46.
Rxd5 Rh4 47. Rb5 Ke6 48. Ke3 Rxg4 49. Rxb6+ Kxe5 50. Rxh6 1/2-1/2

[Event "42. Open Ciutat de Badalona 2016"]
[Site "Badalona ESP"]
[Date "2016.08.10"]
[Round "9.5"]
[White "Oliva Castaneda, Kevel"]
[Black "Ortega Amarelle, Mariano"]
[Result "1-0"]
[WhiteElo "2491"]
[BlackElo "2432"]
[PlyCount "83"]
[EventDate "2016.08.02"]
[EventType "swiss"]
[EventRounds "9"]
[EventCountry "ESP"]
[SourceTitle "Ajedrez en Madrid"]
[Source "lmi"]
[SourceDate "2016.08.02"]
[SourceVersion "1"]
[SourceVersionDate "2018.07.18"]
[SourceQuality "1"]

1. d4 Nf6 2. c4 e6 3. Nc3 Bb4 4. f3 O-O 5. a3 Bxc3+ 6. bxc3 d5 7. cxd5 exd5 8.
e3 c5 9. Bd3 b6 10. Ne2 Ba6 11. O-O Re8 12. Ng3 Bxd3 13. Qxd3 Nc6 14. Bb2 Rc8
15. Rae1 Na5 16. e4 Nc4 17. Bc1 cxd4 18. cxd4 Kh8 19. e5 Ng8 20. f4 f6 21. Nf5
g6 22. Nh4 f5 23. Nxf5 gxf5 24. Qxf5 Qh4 25. Qd3 Nh6 26. f5 Rg8 27. f6 Rg6 28.
Re2 Qh5 29. h3 Rf8 30. Ref2 Re8 31. Bxh6 Qxh6 32. Re1 Qf8 33. f7 Re7 34. Qf3 b5
35. Qxd5 a6 36. Rf5 Nb6 37. Qf3 Kg7 38. Rf1 Nc4 39. Rf6 Re6 40. Rxe6 Rxe6 41.
d5 Nd2 42. Qf4 1-0

[Event "42. Open Ciutat de Badalona 2016"]
[Site "Badalona ESP"]
[Date "2016.08.10"]
[Round "9.6"]
[White "Arenas, David"]
[Black "Herrera Reyes, Jose Antonio"]
[Result "1-0"]
[WhiteElo "2490"]
[BlackElo "2290"]
[PlyCount "71"]
[EventDate "2016.08.02"]
[EventType "swiss"]
[EventRounds "9"]
[EventCountry "ESP"]
[SourceTitle "Ajedrez en Madrid"]
[Source "lmi"]
[SourceDate "2016.08.02"]
[SourceVersion "1"]
[SourceVersionDate "2018.07.18"]
[SourceQuality "1"]

1. e4 c5 2. Nf3 a6 3. c3 Qa5 4. Bd3 g6 5. O-O Bg7 6. Bc2 d6 7. h3 Nf6 8. Re1
O-O 9. d4 Nc6 10. Nbd2 cxd4 11. cxd4 Bd7 12. Nb3 Qh5 13. Bd2 Rac8 14. Rc1 e5
15. d5 Ne7 16. Bd3 Bh6 17. Rxc8 Bxc8 18. Qc1 Bxh3 19. Bxh6 Bxg2 20. Kxg2 Qg4+
21. Kf1 Qxf3 22. Qe3 Qh1+ 23. Ke2 Qh5+ 24. Qf3 Qxh6 25. Qxf6 Qh5+ 26. Kd2 Qh6+
27. Re3 Re8 28. Qxd6 Qf4 29. Qd7 Kf8 30. Ke2 f5 31. d6 Nc6 32. Bc4 fxe4 33.
Qxh7 Qg4+ 34. Kd2 Re6 35. Qh8+ Kf7 36. d7 1-0

[Event "42. Open Ciutat de Badalona 2016"]
[Site "Badalona ESP"]
[Date "2016.08.10"]
[Round "9.7"]
[White "Valdes Romero, Leonardo"]
[Black "Cruz, Jonathan"]
[Result "0-1"]
[WhiteElo "2386"]
[BlackElo "2433"]
[PlyCount "102"]
[EventDate "2016.08.02"]
[EventType "swiss"]
[EventRounds "9"]
[EventCountry "ESP"]
[SourceTitle "Ajedrez en Madrid"]
[Source "lmi"]
[SourceDate "2016.08.02"]
[SourceVersion "1"]
[SourceVersionDate "2018.07.18"]
[SourceQuality "1"]

1. Nf3 c5 2. c4 Nc6 3. Nc3 g6 4. g3 Bg7 5. Bg2 d6 6. a3 e6 7. O-O Nge7 8. d3
O-O 9. Bd2 b6 10. Rb1 Bb7 11. b4 Qd7 12. Qa4 Nf5 13. Rfc1 Qe7 14. e3 h5 15. h4
Nh6 16. Ne2 Ng4 17. d4 cxd4 18. exd4 e5 19. d5 Nb8 20. Qb3 Nd7 21. Ng5 Bh6 22.
Rb2 Rfc8 23. Rbc2 Rab8 24. Re1 Qf8 25. Nc3 a6 26. Nce4 Qe7 27. f3 Ngf6 28. Bh3
Rc7 29. Qd3 Nxe4 30. fxe4 Nf6 31. Rf1 Bc8 32. Bxc8 Rbxc8 33. Be3 Ng4 34. Bxb6
Bxg5 35. hxg5 Rb7 36. Be3 a5 37. c5 axb4 38. cxd6 Qd8 39. Rxc8 Qxc8 40. Rc1 Qd8
41. axb4 Rxb4 42. Qc3 Rb8 43. Bf2 Qxd6 44. Bc5 Qd8 45. Be3 Qd7 46. Rf1 Qa4 47.
Rxf7 Rb1+ 48. Rf1 Rxf1+ 49. Kxf1 Qc4+ 50. Qxc4 Nxe3+ 51. Ke2 Nxc4 0-1

[Event "42. Open Ciutat de Badalona 2016"]
[Site "Badalona ESP"]
[Date "2016.08.10"]
[Round "9.8"]
[White "Barrientos, Sergio E"]
[Black "Olivares Canelles, Francisco"]
[Result "1-0"]
[WhiteElo "2466"]
[BlackElo "2314"]
[PlyCount "157"]
[EventDate "2016.08.02"]
[EventType "swiss"]
[EventRounds "9"]
[EventCountry "ESP"]
[SourceTitle "Ajedrez en Madrid"]
[Source "lmi"]
[SourceDate "2016.08.02"]
[SourceVersion "1"]
[SourceVersionDate "2018.07.18"]
[SourceQuality "1"]

1. e4 e5 2. Nf3 Nc6 3. Bb5 a6 4. Ba4 Nf6 5. O-O Be7 6. Re1 b5 7. Bb3 O-O 8. d4
d6 9. c3 Bg4 10. Be3 exd4 11. cxd4 Na5 12. Bc2 Nc4 13. Bc1 c5 14. b3 Nb6 15.
Bb2 Rc8 16. Nbd2 Nfd7 17. a4 cxd4 18. axb5 axb5 19. Qb1 Ne5 20. Nxd4 Bg5 21.
Nf1 Bd7 22. Ne3 Bf4 23. g3 Bxe3 24. Rxe3 Ng4 25. Re2 Qg5 26. f3 Nf6 27. Qc1 Qc5
28. Qe3 Rfe8 29. Qf2 b4 30. Rd1 Ra8 31. Bb1 Reb8 32. Rc2 Qa5 33. Nc6 Bxc6 34.
Rxc6 Ne8 35. Qd4 Nc8 36. e5 Na7 37. Rc4 dxe5 38. Qxe5 Qxe5 39. Bxe5 Rd8 40. Re1
Rd5 41. f4 Rb5 42. Bd4 Nd6 43. Bxa7 Nxc4 44. bxc4 Rb7 45. Bd4 Rd7 46. Be3 b3
47. Kf2 g6 48. Be4 Ra2+ 49. Kf3 Rxh2 50. Rb1 b2 51. Bd5 Rd8 52. Bf2 Rb8 53. c5
Rd8 54. Bb7 Rd3+ 55. Ke2 Rc3 56. Rxb2 Rxc5 57. Be4 Rc8 58. Bd3 Rh1 59. Bb1 Rhc1
60. Bd4 R1c6 61. Kf3 Rd8 62. Rb4 Rdc8 63. Rb7 R6c7 64. Rb2 Rc6 65. g4 Rd8 66.
Rb4 Rc1 67. Be5 Rf1+ 68. Ke2 Rg1 69. g5 Re8 70. Rb5 Rxe5+ 71. fxe5 Rxg5 72. Kf3
h5 73. Be4 Kg7 74. Ke3 h4 75. Kd4 Rg4 76. Rb7 Rf4 77. e6 Rf6 78. e7 Re6 79. Bc6
1-0

[Event "42. Open Ciutat de Badalona 2016"]
[Site "Badalona ESP"]
[Date "2016.08.10"]
[Round "9.9"]
[White "Garcia Ramos, Marcos"]
[Black "Vera Siguenas, Deivy"]
[Result "0-1"]
[WhiteElo "2207"]
[BlackElo "2496"]
[PlyCount "106"]
[EventDate "2016.08.02"]
[EventType "swiss"]
[EventRounds "9"]
[EventCountry "ESP"]
[SourceTitle "Ajedrez en Madrid"]
[Source "lmi"]
[SourceDate "2016.08.02"]
[SourceVersion "1"]
[SourceVersionDate "2018.07.18"]
[SourceQuality "1"]

1. d4 Nf6 2. c4 g6 3. Nc3 Bg7 4. e4 d6 5. Nf3 O-O 6. h3 e5 7. d5 a5 8. g4 Na6
9. Be3 Nd7 10. a3 Nb6 11. Nd2 Nc5 12. Rg1 Kh8 13. g5 Qe8 14. h4 f5 15. Qc2 Bd7
16. Be2 Nc8 17. h5 Na4 18. exf5 Nxc3 19. Qxc3 Rxf5 20. h6 Bf8 21. Bg4 Rf7 22.
Bxd7 Qxd7 23. O-O-O b5 24. cxb5 Qxb5 25. Qc4 Qxc4+ 26. Nxc4 a4 27. Kc2 c6 28.
Rg4 cxd5 29. Rxd5 Rc7 30. Kb1 Kg8 31. Bd2 Ra6 32. Ne3 Ne7 33. Rb5 Rca7 34. Bc3
Nf5 35. Nd5 Kf7 36. Rc4 Ne7 37. Nxe7 Bxe7 38. f4 Ke6 39. fxe5 d5 40. Rg4 Rd7
41. Bd2 d4 42. Kc2 d3+ 43. Kc3 Bd8 44. Kc4 Rc6+ 45. Rc5 Rxc5+ 46. Kxc5 Kxe5 47.
Kc4 Bb6 48. b3 axb3 49. Kxb3 Kd5 50. a4 Bd4 51. Rg3 Rb7+ 52. Ka3 Kc4 53. Rg2
Rb1 0-1

[Event "42. Open Ciutat de Badalona 2016"]
[Site "Badalona ESP"]
[Date "2016.08.10"]
[Round "9.10"]
[White "Sylvan, Jacob"]
[Black "Alvarez Pedraza, Aramis"]
[Result "1-0"]
[WhiteElo "2342"]
[BlackElo "2483"]
[PlyCount "69"]
[EventDate "2016.08.02"]
[EventType "swiss"]
[EventRounds "9"]
[EventCountry "ESP"]
[SourceTitle "Ajedrez en Madrid"]
[Source "lmi"]
[SourceDate "2016.08.02"]
[SourceVersion "1"]
[SourceVersionDate "2018.07.18"]
[SourceQuality "1"]

1. e4 e5 2. Nf3 Nc6 3. Bb5 a6 4. Ba4 Nge7 5. c3 g6 6. d4 exd4 7. cxd4 b5 8. Bc2
Bg7 9. O-O O-O 10. Nc3 d6 11. h3 Na5 12. Bf4 Bb7 13. Rc1 Nc4 14. b3 Na3 15. Bd3
c5 16. dxc5 dxc5 17. Qe2 Re8 18. Rfd1 Bxc3 19. Rxc3 Nd5 20. exd5 Rxe2 21. Bxe2
c4 22. b4 Qe7 23. Re3 Qxb4 24. d6 Nc2 25. Re7 c3 26. Bg5 Bc6 27. d7 Rd8 28. Ne5
Bxd7 29. Nxf7 Nd4 30. Bd3 Rf8 31. Nh6+ Kh8 32. Rxd7 c2 33. Rc1 Ne6 34. Be3 Nf4
35. Bd4+ 1-0